Epistolarum libri quinque : Quorum priores quatuor Ab Horatio Tursellino Societatis Jesu ex Hispanico idiomate, Ultimus autem a Petro Possino ... latinitate, & luce donati Romae ... /

Hlavní autor: František Xaverský, svatý, 1506-1552
Další autoři: Torsellini, Orazio, 1544-1599, Poussines, Pierre, 1609-1686
Jazyk: Latina
Vydáno: Pragae : Typis Universitatis Carolo Ferdinand. in Collegio S.J. ad S. Clementem, 1750
Témata:
Fyzický popis: [14], 558 s. ; 12°
Knihy
Uloženo v:
LEADER 01096nam a2200277 a 4500
001 mzk03001217399
003 CZ BrMZK
005 20150922103933.0
008 010907s1750 xr fr|||||00| ||latod
040 |a BOA001  |b cze 
072 7 |a 094  |x Staré tisky  |2 Konspekt  |9 12 
080 |a (0.068)094  |2 MRF 
100 0 |a František Xaverský,  |c svatý,  |d 1506-1552  |7 xx0005803  |4 aut 
245 1 0 |a Epistolarum libri quinque :  |b Quorum priores quatuor Ab Horatio Tursellino Societatis Jesu ex Hispanico idiomate, Ultimus autem a Petro Possino ... latinitate, & luce donati Romae ... /  |c Sancti Francisci Xaverii ... 
260 |a Pragae :  |b Typis Universitatis Carolo Ferdinand. in Collegio S.J. ad S. Clementem,  |c 1750 
300 |a [14], 558 s. ;  |c 12° 
590 |a Zachováno pouze 214 s. 
655 7 |a staré tisky  |7 fd422076  |2 czenas 
700 1 |a Torsellini, Orazio,  |d 1544-1599  |7 mzk2004250951  |4 com 
700 1 |a Poussines, Pierre,  |d 1609-1686  |7 mzk2009511564  |4 com 
903 |a RP 
910 |a BOE452  |b Mn 
978 |b Tiskárna jezuitská  |a Praha  |c 1750 
985 |a 1701-1750 
990 |a BK 
991 |k minorite